<?xml version="1.0" encoding="UTF-8"?>
<record
    xmlns:xsi="http://www.w3.org/2001/XMLSchema-instance"
    xsi:schemaLocation="http://www.loc.gov/MARC21/slim http://www.loc.gov/standards/marcxml/schema/MARC21slim.xsd"
    xmlns="http://www.loc.gov/MARC21/slim">

  <leader>04916nam a2200445 a 4500</leader>
  <controlfield tag="003">CHAP</controlfield>
  <controlfield tag="005">20250227100000.0</controlfield>
  <controlfield tag="007">ta</controlfield>
  <controlfield tag="008">230711s2022    mx ado|fom||| 001 0 spa d</controlfield>
  <datafield tag="040" ind1=" " ind2=" ">
    <subfield code="e">rda</subfield>
  </datafield>
  <datafield tag="041" ind1=" " ind2=" ">
    <subfield code="a">spa</subfield>
    <subfield code="b">eng</subfield>
  </datafield>
  <datafield tag="100" ind1="1" ind2=" ">
    <subfield code="9">187579</subfield>
    <subfield code="a">Figueroa Gonz&#xE1;lez, Juan Jos&#xE9;</subfield>
  </datafield>
  <datafield tag="240" ind1="1" ind2="0">
    <subfield code="a">Modification of the functional properties in amaranth protein through pH shifting and ultrasonication.</subfield>
    <subfield code="l">Espa&#xF1;ol</subfield>
  </datafield>
  <datafield tag="245" ind1="1" ind2="0">
    <subfield code="a">Modificaci&#xF3;n de las propiedades funcionales en prote&#xED;na de amaranto mediante cambios de pH y ultrasonicaci&#xF3;n /</subfield>
    <subfield code="c">Juan Jos&#xE9; Figueroa Gonz&#xE1;lez</subfield>
  </datafield>
  <datafield tag="264" ind1=" " ind2=" ">
    <subfield code="a">Chapingo, M&#xE9;xico :</subfield>
    <subfield code="b">El autor,</subfield>
    <subfield code="c">2022</subfield>
  </datafield>
  <datafield tag="300" ind1=" " ind2=" ">
    <subfield code="a">1 recurso en l&#xED;nea (xi, 72 p&#xE1;ginas) :</subfield>
    <subfield code="b">ilustraciones, gr&#xE1;ficas, tablas, fotos</subfield>
  </datafield>
  <datafield tag="336" ind1=" " ind2=" ">
    <subfield code="2">rdacontent</subfield>
    <subfield code="a">texto</subfield>
    <subfield code="b">txt</subfield>
  </datafield>
  <datafield tag="337" ind1=" " ind2=" ">
    <subfield code="2">rdamedia</subfield>
    <subfield code="a">computadora</subfield>
    <subfield code="b">c</subfield>
  </datafield>
  <datafield tag="338" ind1=" " ind2=" ">
    <subfield code="2">rdacarrier</subfield>
    <subfield code="a">recurso en l&#xED;nea</subfield>
    <subfield code="b">cr</subfield>
  </datafield>
  <datafield tag="502" ind1=" " ind2=" ">
    <subfield code="a">Tesis</subfield>
    <subfield code="b">DCA</subfield>
    <subfield code="c">Agroindustrias</subfield>
    <subfield code="d">2022</subfield>
    <subfield code="g">DOC</subfield>
  </datafield>
  <datafield tag="504" ind1=" " ind2=" ">
    <subfield code="a">Incluye bibliograf&#xED;as</subfield>
  </datafield>
  <datafield tag="520" ind1="3" ind2=" ">
    <subfield code="a">El inter&#xE9;s en la prote&#xED;na nativa (APN) de amaranto (Amaranthus spp.) ha crecido en los &#xFA;ltimos a&#xF1;os, debido a su equilibrio saludable de amino&#xE1;cidos esenciales, propiedades funcionales y amplia aplicaci&#xF3;n potencial en la industria alimentaria; sin embargo, su escasa solubilidad limita su aplicaci&#xF3;n en productos alimenticios. Por lo tanto, un tema de investigaci&#xF3;n en curso es explorar tecnolog&#xED;as de bajo costo, simples y efectivas para modificar la estructura y mejorar la funcionalidad de las prote&#xED;nas, como el cambio de pH y la ultrasonicaci&#xF3;n. En este trabajo se evalu&#xF3; el efecto de las condiciones de ultrasonicaci&#xF3;n (US) al 50% de amplitud por 10 min (APUS), el cambio de pH a pH 2 y 12 (APpH2 y APpH12), y la combinaci&#xF3;n de ambos (APpH2US y APpH12US) sobre los aspectos estructurales, propiedades fisicoqu&#xED;micas y funcionales de APN. La APN se obtuvo por solubilizaci&#xF3;n a pH 11 y precipitaci&#xF3;n a pH 4.5, con un rendimiento de 5.0 &#xB1; 0.5% y 83.29 &#xB1; 1.0% de contenido proteico. Las fracciones la h&#xE9;lice-&#x3B1;, l&#xE1;mina-&#x3B2;, giro-&#x3B2; y estructuras de espirales aleatorias de las estructuras de APN se vieron afectadas por el cambio de pH12 y US, pero no por el cambio de pH2. Los grupos sulfhidrilo expuestos de APN disminuyeron, mientras que los enlaces disulfuro aumentaron como resultado del cambio de pH solo o combinado con US. La APpH12US logr&#xF3; la mayor solubilidad. La capacidad de formaci&#xF3;n de espuma y la estabilidad aumentaron significativamente con todos los tratamientos, excepto con APpH2. El cambio de pH alcalino solo o combinado con US mejor&#xF3; las propiedades funcionales de APN</subfield>
  </datafield>
  <datafield tag="520" ind1="3" ind2=" ">
    <subfield code="a">The interest in native amaranth (Amaranthus spp.) protein (APN) has grown in recent years, due to its healthy balance of essential amino acids, functional properties, and wide potential application in the food industry; however, its poor solubility limits its application in food products. Thus, an ongoing research topic is to explore low-cost, simple, and effective technologies for modifying the structure and improving the functionality of proteins, such as pH-shifting and ultrasonication. In this work, the effect of the ultrasonication conditions (US) at 50% amplitude for 10 min (APUS), the change in pH at pH 2 and 12 (APpH2 and APpH12), and the combination of both (APpH2US and APpH12US) on the structural aspects, physicochemical and functional properties of APN were investigated. APN was obtained by solubilization at pH 11 and precipitation at pH 4.5, with a yield of 5.0 &#xB1; 0.5% and 83.3 &#xB1; 1.0% of protein content. The fractions of &#x3B1;-helix, &#x3B2;-sheet, &#x3B2;-turn, and random coil structures of the APN were affected by pH12 shifting and US, but not by pH2 shifting. The exposed sulfhydryl groups of APN decreased, while the disulfide bonds increased as a result of the change in pH-shifting alone or combined with US. APpH12US exhibited the highest solubility. Foaming ability and stability increased significantly with all treatments except APpH2. Alkaline pH-shifting alone or combined with US improved the functional properties of APN</subfield>
  </datafield>
  <datafield tag="650" ind1="1" ind2="3">
    <subfield code="9">5103</subfield>
    <subfield code="a">Amaranthus</subfield>
  </datafield>
  <datafield tag="650" ind1="1" ind2="3">
    <subfield code="9">147464</subfield>
    <subfield code="a">Grano de amaranto  </subfield>
  </datafield>
  <datafield tag="650" ind1="1" ind2="3">
    <subfield code="9">92446</subfield>
    <subfield code="a">Prote&#xED;nas</subfield>
  </datafield>
  <datafield tag="650" ind1="1" ind2="7">
    <subfield code="9">5109</subfield>
    <subfield code="a">Amaranto</subfield>
    <subfield code="x">Propiedades fisicoqu&#xED;micas</subfield>
  </datafield>
  <datafield tag="650" ind1="1" ind2="7">
    <subfield code="9">5109</subfield>
    <subfield code="a">Amaranto</subfield>
    <subfield code="x">Propiedades rheol&#xF3;gicas </subfield>
  </datafield>
  <datafield tag="650" ind1="1" ind2="3">
    <subfield code="9">185511</subfield>
    <subfield code="a">Tratamiento ultras&#xF3;nico</subfield>
  </datafield>
  <datafield tag="650" ind1="1" ind2="3">
    <subfield code="9">147461</subfield>
    <subfield code="a">Amaranth grain</subfield>
  </datafield>
  <datafield tag="650" ind1="1" ind2="3">
    <subfield code="9">148398</subfield>
    <subfield code="a">Proteins  </subfield>
  </datafield>
  <datafield tag="650" ind1="1" ind2="3">
    <subfield code="9">147461</subfield>
    <subfield code="a">Amaranth grain</subfield>
    <subfield code="x">Physicochemical properties</subfield>
  </datafield>
  <datafield tag="650" ind1="1" ind2="3">
    <subfield code="9">147461</subfield>
    <subfield code="a">Amaranth grain</subfield>
    <subfield code="x">Rheological properties</subfield>
  </datafield>
  <datafield tag="650" ind1="1" ind2="3">
    <subfield code="9">185512</subfield>
    <subfield code="a">Ultrasonic treatment</subfield>
  </datafield>
  <datafield tag="700" ind1="1" ind2=" ">
    <subfield code="9">151494</subfield>
    <subfield code="a">Lobato Calleros, Consuelo Silvia Olivia</subfield>
    <subfield code="e">directora</subfield>
  </datafield>
  <datafield tag="700" ind1="1" ind2=" ">
    <subfield code="a">Vernon Carter, Jaime E. </subfield>
    <subfield code="e">asesor</subfield>
    <subfield code="9">157524</subfield>
  </datafield>
  <datafield tag="700" ind1="1" ind2=" ">
    <subfield code="a">Aguirre Mandujano, Eleazar</subfield>
    <subfield code="e">asesor</subfield>
    <subfield code="9">3008</subfield>
  </datafield>
  <datafield tag="856" ind1="4" ind2="0">
    <subfield code="u">http://10.13.5.2/tesis/td/1713066-9_FIGUEROA_GONZALEZ,_JUAN_JOSE.pdf</subfield>
    <subfield code="z">DESCARGAR PDF</subfield>
  </datafield>
  <datafield tag="942" ind1=" " ind2=" ">
    <subfield code="c">TD</subfield>
    <subfield code="2">Clasificaci&#xF3;n Universidad Aut&#xF3;noma Chapingo</subfield>
  </datafield>
  <datafield tag="999" ind1=" " ind2=" ">
    <subfield code="c">219028</subfield>
    <subfield code="d">219028</subfield>
  </datafield>
  <datafield tag="952" ind1=" " ind2=" ">
    <subfield code="0">0</subfield>
    <subfield code="1">0</subfield>
    <subfield code="2">local</subfield>
    <subfield code="4">0</subfield>
    <subfield code="7">0</subfield>
    <subfield code="8">TesdigD</subfield>
    <subfield code="a">IA_</subfield>
    <subfield code="b">IA_</subfield>
    <subfield code="c">E_L</subfield>
    <subfield code="d">2023-07-11</subfield>
    <subfield code="e">El autor</subfield>
    <subfield code="l">0</subfield>
    <subfield code="p">1201013730</subfield>
    <subfield code="r">2023-07-11 00:00:00</subfield>
    <subfield code="w">2023-07-11</subfield>
    <subfield code="y">TD</subfield>
  </datafield>
  <datafield tag="952" ind1=" " ind2=" ">
    <subfield code="0">0</subfield>
    <subfield code="1">0</subfield>
    <subfield code="2">local</subfield>
    <subfield code="4">0</subfield>
    <subfield code="5">1</subfield>
    <subfield code="7">0</subfield>
    <subfield code="8">TesdigD</subfield>
    <subfield code="a">BD</subfield>
    <subfield code="b">BD</subfield>
    <subfield code="c">E_L</subfield>
    <subfield code="d">2024-04-17</subfield>
    <subfield code="e">El autor</subfield>
    <subfield code="l">0</subfield>
    <subfield code="o">Tesis digital</subfield>
    <subfield code="p">1301013730</subfield>
    <subfield code="r">2024-04-17 00:00:00</subfield>
    <subfield code="w">2024-04-17</subfield>
    <subfield code="y">TD</subfield>
  </datafield>
</record>
